Fundamentals of Electronic Circuits (Record no. 6027)
[ view plain ]
| 000 -LEADER | |
|---|---|
| fixed length control field | 00588nam a22002057a 4500 |
| 003 - CONTROL NUMBER IDENTIFIER | |
| control field | OSt |
| 005 - DATE AND TIME OF LATEST TRANSACTION | |
| control field | 20180302134435.0 |
| 008 - FIXED-LENGTH DATA ELEMENTS--GENERAL INFORMATION | |
| fixed length control field | 180302b xxu||||| |||| 00| 0 eng d |
| 020 ## - INTERNATIONAL STANDARD BOOK NUMBER | |
| International Standard Book Number | 9781259071393 |
| 040 ## - CATALOGING SOURCE | |
| Transcribing agency | DDC |
| 082 ## - DEWEY DECIMAL CLASSIFICATION NUMBER | |
| Classification number | 621.3 ALE 2013 |
| 100 ## - MAIN ENTRY--PERSONAL NAME | |
| Personal name | Alexander, Charles K.; Sadiku, Mathew N.O |
| 9 (RLIN) | 12508 |
| 245 ## - TITLE STATEMENT | |
| Title | Fundamentals of Electronic Circuits |
| 250 ## - EDITION STATEMENT | |
| Edition statement | 5th ed. |
| 260 ## - PUBLICATION, DISTRIBUTION, ETC. (IMPRINT) | |
| Place of publication, distribution, etc. | New York; Mcgraw-hill, 2013 |
| 300 ## - PHYSICAL DESCRIPTION | |
| Extent | xxii,905p.; col.ill: 25.5cm |
| 504 ## - BIBLIOGRAPHY, ETC. NOTE | |
| Bibliography, etc | Appendices, bibliography, & index included |
| 650 ## - SUBJECT ADDED ENTRY--TOPICAL TERM | |
| Topical term or geographic name as entry element | Electronic circuits |
| 9 (RLIN) | 5780 |
| 942 ## - ADDED ENTRY ELEMENTS (KOHA) | |
| Source of classification or shelving scheme | Other/Generic Classification Scheme |
| Koha item type | Book Bank |
| Withdrawn status | Lost status | Source of classification or shelving scheme | Damaged status | Not for loan | Home library | Current library | Date acquired | Source of acquisition | Inventory number | Total Checkouts | Full call number | Barcode | Date last seen | Koha item type |
|---|---|---|---|---|---|---|---|---|---|---|---|---|---|---|
| Dewey Decimal Classification | MUST Main Library | MUST Main Library | 02/03/2018 | 14/37485 | 621.3 ALE 2013 | 2018-0145 | 02/03/2018 | Book Bank | ||||||
| Dewey Decimal Classification | MUST Main Library | MUST Main Library | 02/03/2018 | 14/37486 | 621.3 ALE 2013 | 2018-0146 | 02/03/2018 | Book Bank | ||||||
| Dewey Decimal Classification | MUST Main Library | MUST Main Library | 02/03/2018 | 14/37488 | 621.3 ALE 2013 | 2018-0147 | 02/03/2018 | Book Bank | ||||||
| Dewey Decimal Classification | Main Kihumuro Campus | Main Kihumuro Campus | 02/03/2018 | Purchase | 14/37480 | 621.3 ALE 2013 | 2018-0140 | 02/03/2018 | Book Bank | |||||
| Dewey Decimal Classification | Main Kihumuro Campus | Main Kihumuro Campus | 02/03/2018 | Purchase | 14/37481 | 621.3 ALE 2013 | 2018-0141 | 02/03/2018 | Book Bank | |||||
| Dewey Decimal Classification | Main Kihumuro Campus | Main Kihumuro Campus | 02/03/2018 | Purchase | 14/37482 | 621.3 ALE 2013 | 2018-0142 | 02/03/2018 | Book Bank | |||||
| Dewey Decimal Classification | Main Kihumuro Campus | Main Kihumuro Campus | 02/03/2018 | Purchase | 14/37483 | 621.3 ALE 2013 | 2018-0143 | 02/03/2018 | Book Bank | |||||
| Dewey Decimal Classification | Main Kihumuro Campus | Main Kihumuro Campus | 02/03/2018 | Purchase | 14/37484 | 621.3 ALE 2013 | 2018-0144 | 02/03/2018 | Book Bank | |||||
| Dewey Decimal Classification | Main Kihumuro Campus | Main Kihumuro Campus | 02/03/2018 | Purchase | 14/37489 | 621.3 ALE 2013 | 2018-0148 | 02/03/2018 | Book Bank | |||||
| Dewey Decimal Classification | Main Kihumuro Campus | Main Kihumuro Campus | 24/01/2020 | Purchase | 14/37487 | 621.3 ALE 2013 | 2020-0132 | 24/01/2020 | Book Bank |
